000 00715nam a22002057a 4500
999 _c559
_d559
003 AR-CdUCM
008 190225b ||||| |||| 00| 0 spa d
040 _aMUNICIPALIDAD PROVINCIAL DEL CUSCO
_cBIBLIOTECA MUNICIPAL DEL CUSCO
082 _a922 /
_bM676
100 _aMiró, César
_92173
245 _aCielo y Tierra de Santa Rosa /
_cCésar Miró
260 _aArgentina :
_bSchapire ;
_c1945.
300 _a245 páginas. :
_c20 cm.
505 _aContenido: Transfiguración de la niña Isabel -- Los conquistadores del cielo -- Muerte e inmortalidad ...
650 _aSanta Rosa de Lima
_92174
650 _aCatolicismo
_92175
650 _aReligiosa
_9116
942 _2ddc
_cLIBROS
945 _anom
_d2019-02-25